Prosthetic articulation (Record no. 32527)
[ view plain ]
| 000 -LEADER | |
|---|---|
| fixed length control field | 00635nam a2200169 a 4500 |
| 008 - FIXED-LENGTH DATA ELEMENTS--GENERAL INFORMATION | |
| fixed length control field | 111011s1914 ||||||||||||||||| || u |
| 050 ## - LIBRARY OF CONGRESS CALL NUMBER | |
| Classification number | RK 656 Cla |
| 100 ## - MAIN ENTRY--PERSONAL NAME | |
| Personal name | Clapp, George Wood |
| 245 10 - TITLE STATEMENT | |
| Title | Prosthetic articulation |
| Statement of responsibility, etc. | by George Wood Clapp |
| 260 ## - PUBLICATION, DISTRIBUTION, ETC. | |
| Place of publication, distribution, etc. | New York: |
| Name of publisher, distributor, etc. | The Dentists' Supply Company |
| Date of publication, distribution, etc. | 1914 |
| 300 ## - PHYSICAL DESCRIPTION | |
| Extent | 251p.: ill. |
| 350 ## - | |
| -- | 0.00 |
| 650 #0 - SUBJECT ADDED ENTRY--TOPICAL TERM | |
| Topical term or geographic name entry element | DENTISTRY--ATLASES |
| 650 ## - SUBJECT ADDED ENTRY--TOPICAL TERM | |
| Topical term or geographic name entry element | DENTURES |
| 650 ## - SUBJECT ADDED ENTRY--TOPICAL TERM | |
| Topical term or geographic name entry element | PROSTHODONTICS |
| 995 ## - | |
| -- | MICHAEL CHILUFYA SATA OPEN ACCESS |
| -- | 0.00 |
| -- | 901156 |
| -- | CBU-SCHOOL OF MEDICINE LIBRARY (Ndola) |
| -- | 1 |
| -- | 0.00 |
| -- | RK 656 Cla |
| -- | 1 |
| -- | AVAILABLE |
| -- | Oct 11, 2011 |
| -- | 901156 |
| -- | Medical Library Open Access Collection |
| 999 ## - | |
| -- | 32527 |
| -- | 32527 |
| Withdrawn status | Lost status | Source of classification or shelving scheme | Damaged status | Not for loan | Permanent Location | Current Location | Shelving location | Date acquired | Total Checkouts | Full call number | Barcode | Date last seen | Price effective from | Koha item type |
|---|---|---|---|---|---|---|---|---|---|---|---|---|---|---|
| CBU-SCHOOL OF MEDICINE LIBRARY, NDOLA. | CBU-SCHOOL OF MEDICINE LIBRARY, NDOLA. | 11/30/2022 | RK 656 Cla | 901156 | 11/30/2022 | 11/30/2022 | MONOGRAPH |